Responsible property investment (Record no. 116224)
[ view plain ]
| 000 -LEADER | |
|---|---|
| fixed length control field | 01356cad a22002655a 4500 |
| 001 - CONTROL NUMBER | |
| control field | L160109 |
| 008 - FIXED-LENGTH DATA ELEMENTS--GENERAL INFORMATION | |
| fixed length control field | 100611s2009 xxk f 000 0 eng d |
| 035 ## - SYSTEM CONTROL NUMBER | |
| System control number | (Sirsi) u160109 |
| 041 0# - LANGUAGE CODE | |
| Language code of text/sound track or separate title | eng |
| 110 2# - MAIN ENTRY--CORPORATE NAME | |
| Corporate name or jurisdiction name as entry element | Federation International Des Geometres |
| 111 2# - MAIN ENTRY--MEETING NAME | |
| Meeting name or jurisdiction name as entry element | FIG Regional Conference |
| Number [OBSOLETE] | Hanoi, Vietnam |
| Date of meeting or treaty signing | 19-22 October 2009 |
| 245 00 - TITLE STATEMENT | |
| Title | Responsible property investment |
| Remainder of title | Making a difference |
| Medium | [electronic resource] |
| 260 ## - PUBLICATION, DISTRIBUTION, ETC. | |
| Place of publication, distribution, etc. | Hanoi |
| Name of publisher, distributor, etc. | FIG |
| Date of publication, distribution, etc. | 2009 |
| 520 ## - SUMMARY, ETC. | |
| Summary, etc. | Presents a background to Responsible Property Investment (RPI), what it is, where it comes from and how it is manifesting itself. This paper reviews the principles and arguments which underpin Socially Responsible Property Investment (SRPI) and the role which valuers can play in both interpreting the market value of such practices in their valuations, and also encouraging market players to appreciate (and therefore 'value') sustainable features and practices when providing professional advice. |
| 521 ## - TARGET AUDIENCE NOTE | |
| Target audience note | Advanced |
| 590 ## - LOCAL NOTE (RLIN) | |
| Local note | KA |
| 650 24 - SUBJECT ADDED ENTRY--TOPICAL TERM | |
| Topical term or geographic name entry element | RESPONSIBLE PROPERTY INVESTMENT |
| 650 24 - SUBJECT ADDED ENTRY--TOPICAL TERM | |
| Topical term or geographic name entry element | Valuation |
| 9 (RLIN) | 6273 |
| 650 24 - SUBJECT ADDED ENTRY--TOPICAL TERM | |
| Topical term or geographic name entry element | Environment |
| 9 (RLIN) | 6238 |
| 651 #4 - SUBJECT ADDED ENTRY--GEOGRAPHIC NAME | |
| Geographic name | International |
| 690 ## - LOCAL SUBJECT ADDED ENTRY--TOPICAL TERM (OCLC, RLIN) | |
| Topical term or geographic name as entry element | INVESTMENT |
| 700 1# - ADDED ENTRY--PERSONAL NAME | |
| Personal name | Plimmer, Frances |
| 856 40 - ELECTRONIC LOCATION AND ACCESS | |
| Uniform Resource Identifier | <a href="https://www.rics.org/Global/Downloads/Responsible_Property_Investment.pdf">https://www.rics.org/Global/Downloads/Responsible_Property_Investment.pdf</a> |
| Public note | View the paper free of charge at www.rics.org |
| 942 ## - ADDED ENTRY ELEMENTS (KOHA) | |
| Suppress in OPAC | 0 |
| Withdrawn status | Lost status | Source of classification or shelving scheme | Damaged status | Not for loan | Home library | Current library | Shelving location | Date acquired | Total Checkouts | Full call number | Barcode | Date last seen | Copy number | Price effective from | Koha item type |
|---|---|---|---|---|---|---|---|---|---|---|---|---|---|---|---|
| Dewey Decimal Classification | Virtual | Virtual | Online | 24/05/2018 | ONLINE PUBLICATION | 160109-2001 | 06/08/2019 | 1 | 06/08/2019 | Book |